| 000 | 01457cam a2200385 a 4500 | ||
|---|---|---|---|
| 001 | 14606106 | ||
| 005 | 20170427105450.0 | ||
| 008 | 061023s2006 enk b 001 0 eng | ||
| 010 | _a 2006284911 | ||
| 015 |
_aGBA627949 _2bnb |
||
| 016 | 7 |
_a013415192 _2Uk |
|
| 020 | _a076196763X (pbk.) | ||
| 020 | _a9780761967637 | ||
| 024 | 3 | _a9780761967620 | |
| 035 | _a(OCoLC)ocm64555408 | ||
| 040 |
_aUKM _cUKM _dBAKER _dBWKUK _dIXA _dYDXCP _dDLC |
||
| 042 |
_aukscp _alccopycat |
||
| 050 | 0 | 0 |
_aJA71 _b.T64 2006 |
| 082 | 0 | 4 |
_a320.01 _222 _bTOR |
| 100 | 1 |
_aTormey, Simon, _d1963- _922935 |
|
| 245 | 1 | 0 |
_aKey Thinkers from Critical Theory to Post-Marxism / _cSimon Tormey and Jules Townshend. |
| 260 |
_aLondon ; _aThousand Oaks, Calif. : _bSAGE Publications, 2006 _c2006. |
||
| 300 |
_a234 p. ; _c25 cm. |
||
| 504 | _aIncludes bibliographical references and index. | ||
| 650 | 0 |
_aPolitical science _xPhilosophy. _922936 |
|
| 650 | 0 |
_aPhilosophers, Modern. _922937 |
|
| 650 | 0 |
_aCritical theory. _922938 |
|
| 653 |
_bPol _cApril2011 |
||
| 650 | 0 |
_922939 _aPhilosophy, Marxist |
|
| 700 | 1 |
_aTownshend, Jules, _d1945- _922940 |
|
| 856 | 4 | 2 |
_3Publisher description _uhttp://www.loc.gov/catdir/enhancements/fy0703/2006284911-d.html |
| 856 | 4 | 1 |
_3Table of contents only _uhttp://www.loc.gov/catdir/enhancements/fy0703/2006284911-t.html |
| 942 |
_2ddc _cBB |
||
| 999 |
_c15081 _d15081 |
||